|
|
|
|
| LEADER |
00000cam a2200000 7i4500 |
| 001 |
0000092467 |
| 005 |
20231002105521.0 |
| 008 |
|
| 020 |
|
|
|a 9781119931409 (
|q (hardback))
|
| 020 |
|
|
|a 9781119931423 (
|q (adobe pdf))
|
| 040 |
|
|
|e rda
|
| 041 |
|
|
|a English
|
| 090 |
0 |
0 |
|a 658.403
|b LOE
|
| 100 |
0 |
|
|a Loehr, Jim
|c Dr. ,
|e (author)
|
| 245 |
1 |
0 |
|a Wise decisions :
|b a science-based approach to making better choices
|c Dr.Jim Loehr
|
| 264 |
|
1 |
|a Hoboken, New Jersey :
|b John Wiley & Sons Inc.
|c 2023
|
| 300 |
|
|
|a xiv,224 pages ;
|c 23 cm.
|
| 336 |
|
|
|a text
|2 rdacontent
|
| 337 |
|
|
|a unmediated
|2 rdamedia
|
| 338 |
|
|
|a volume
|2 rdacarrier
|
| 500 |
|
|
|a Includes index
|
| 541 |
|
|
|c Purchased on 2023
|f I-000008 SWAN
|h RM140.00
|
| 650 |
|
0 |
|a Public speaking
|
| 650 |
|
0 |
|a Public speaking
|x Psychological aspects
|
| 700 |
1 |
|
|a Ohlsson,Shiela ,
|c Dr. ,
|e (author)
|
| 730 |
0 |
|
|a Title
|
| 999 |
|
|
|a 0001735705
|b Book
|c Adult Collection
|e Perbadanan Perpustakaan Awam Johor
|
| 999 |
|
|
|a 0001735706
|b Book
|c Adult Collection
|e Cawangan Urban Transformation Centre
|
| 999 |
|
|
|a 0001735707
|b Book
|c Adult Collection
|e Cawangan AEON Kulaijaya
|
| 999 |
|
|
|a 0001735708
|b Book
|c Adult Collection
|e Cawangan Bandar Tenggara
|
| 999 |
|
|
|a 0001735709
|b Book
|c Adult Collection
|e Cawangan Taman Sri Lambak
|
| 999 |
|
|
|a 0001735710
|b Book
|c Adult Collection
|e Cawangan Segamat
|
| 999 |
|
|
|a 0001735711
|b Book
|c Adult Collection
|e Cawangan Tmn. Ungku Tun Aminah
|
| 999 |
|
|
|a 0001735712
|b Book
|c Adult Collection
|e Cawangan Tangkak
|
| 999 |
|
|
|a 0001735713
|b Book
|c Adult Collection
|e Cawangan Sri Merlong
|
| 999 |
|
|
|a 0001735714
|b Book
|c Adult Collection
|e Cawangan Kota Tinggi
|
| 999 |
|
|
|a 0001735715
|b Book
|c Adult Collection
|e Cawangan Mersing
|
| 999 |
|
|
|a 0001735716
|b Book
|c Adult Collection
|e Cawangan Bukit Gambir
|
| 999 |
|
|
|a 0001735717
|b Book
|c Adult Collection
|e Cawangan Pontian
|
| 999 |
|
|
|a 0001735718
|b Book
|c Adult Collection
|e Cawangan Batu Pahat
|
| 999 |
|
|
|a 0001735719
|b Book
|c Adult Collection
|e Cawangan Bandar Penawar
|
| 999 |
|
|
|a 0001735720
|b Book
|c Adult Collection
|e Cawangan Muar
|